Catalog

Record Details

Catalog Search



This could all go bad / by Spencer Hall.

Hall, Spencer,(author., Author, Author).

Available copies

  • 1 of 2 copies available at LARL/NWRL Consortium.
  • 1 of 2 copies available at Lake Agassiz Regional Library. (Show preferred library)

Current holds

0 current holds with 2 total copies.

Show Only Available Copies
Location Call Number / Copy Notes Barcode Shelving Location Status Due Date
Fosston Public Library Y HAL (Text) 33500014384374 New Checked out 07/13/2026
Hawley Public Library Y HAL (Text) 33500014384382 New Available -

Record details

  • ISBN: 9781547618118
  • ISBN: 1547618116
  • Physical Description: 250 pages ; 22 cm.
  • Publisher: New York : Bloomsbury, 2026

Content descriptions

Summary, etc.:
Before setting off to high school, Jenson, a ... Read More
Target Audience Note:
Ages 12-18 Bloomsbury Children's Books.
Grades 7-9 Bloomsbury Children's Books.
Subject: Truth or dare (Game)
Courage.
Infatuation.
Friendship.
Middle school students.
Truth or dare (Game)
Courage.
Crushes.
Friendship.
Genre: School fiction.
Humorous fiction.
Fiction.
Novels.
LDR 03153cam a22006498i 4500
001483549
003LARL_NWRL_CONSORTIUM
00520260527154943.0
008260305s2026 nyu c 000 1 eng
007ta
010 . ‡a 2026012542
040 . ‡aDLC ‡beng ‡erda ‡cDLC ‡dOCLCO ‡dZGW ‡dYEP ‡dRNL ‡dOCLCO ‡dJTH
020 . ‡a9781547618118 ‡qhardcover
020 . ‡a1547618116 ‡qhardcover
020 . ‡z9781547618125 ‡qepub
035 . ‡a(OCoLC)1533785195
042 . ‡apcc
08204. ‡a[Fic] ‡qTnLvILS ‡223
1001 . ‡aHall, Spencer, ‡eauthor. ‡4aut ‡4http://id.loc.gov/vocabulary/relators/aut ‡1https://id.oclc.org/worldcat/entity/E39PCjHdjKDwmYcH8MrPHvh6Xd ‡1http://id.loc.gov/rwo/agents/n2020043189
24510. ‡aThis could all go bad / ‡cby Spencer Hall.
264 1. ‡aNew York : ‡bBloomsbury, ‡c2026
300 . ‡a250 pages ; ‡c22 cm.
334 . ‡asingle unit ‡bmono ‡0http://id.loc.gov/vocabulary/issuance/mono
336 . ‡atext ‡btxt ‡2rdacontent ‡0http://id.loc.gov/vocabulary/contentTypes/txt
337 . ‡aunmediated ‡bn ‡2rdamedia ‡0http://id.loc.gov/vocabulary/mediaTypes/n
338 . ‡avolume ‡bnc ‡2rdacarrier ‡0http://id.loc.gov/vocabulary/carriers/nc
385 . ‡mAge group ‡nage ‡aPreteens ‡2lcdgt ‡0http://id.loc.gov/authorities/demographicTerms/dg2015060394
520 . ‡aBefore setting off to high school, Jenson, a risk-averse eighth grader, joins his friends in a wild night of escalating dares to face his fears, impress his crush Leslie Chen, and save his friendship when a secret comes to light.
521 . ‡aAges 12-18 ‡bBloomsbury Children's Books.
521 . ‡aGrades 7-9 ‡bBloomsbury Children's Books.
650 0. ‡aTruth or dare (Game) ‡0(LARL_NWRL_CONSORTIUM)162671
650 0. ‡aCourage. ‡0(LARL_NWRL_CONSORTIUM)17908
650 0. ‡aInfatuation. ‡0(LARL_NWRL_CONSORTIUM)173116
650 0. ‡aFriendship. ‡0(LARL_NWRL_CONSORTIUM)20818
650 0. ‡aMiddle school students. ‡0(LARL_NWRL_CONSORTIUM)37527
650 1. ‡aTruth or dare (Game) ‡0(LARL_NWRL_CONSORTIUM)162671
650 1. ‡aCourage. ‡0(LARL_NWRL_CONSORTIUM)17908
650 1. ‡aCrushes.
650 1. ‡aFriendship. ‡0(LARL_NWRL_CONSORTIUM)20818
655 7. ‡aSchool fiction. ‡2lcgft
655 7. ‡aHumorous fiction. ‡2lcgft
655 7. ‡aFiction. ‡2lcgft
655 7. ‡aNovels. ‡2lcgft
758 . ‡1http://id.loc.gov/resources/instances/in00024487791
758 . ‡4http://id.loc.gov/ontologies/bibframe/instanceOf ‡1http://id.loc.gov/resources/works/in00024487791
77608. ‡iOnline version ‡4http://id.loc.gov/entities/relationships/onlineversion ‡aHall, Spencer ‡tThis could all go bad ‡dNew York : Bloomsbury Children's Books, 2026 ‡z9781547618125 ‡w(DLC) 2026012543
884 . ‡aDLC bibframe2marc v3.1-dev ‡g20260305 ‡qDLC ‡uhttps://github.com/lcnetdev/bibframe2marc/tree/v3.1-dev
901 . ‡a483549 ‡bOCoLC ‡c483549 ‡tbiblio ‡soclc

Additional Resources